[Event "Superettan(Vaxjo-Horndal)"]
[Site "?"]
[Date "2017.03.24"]
[Round "7"]
[White "Korning, Peter"]
[Black "Lindberg, Bengt"]
[Result "0-1"]
[WhiteElo "2080"]
[BlackElo "2376"]
[PlyCount "92"]
1. e4 c5 2. d4 cxd4 3. c3 Nf6 4. e5 Nd5 5. Qxd4 e6 6. Bc4 Nc6 7. Qe4 f5 8. Qe2
Nde7 9. Nf3 Qc7 10. O-O Ng6 11. Re1 b6 12. Nbd2 Bb7 13. Bb3 Be7 14. Nf1 O-O 15.
Ng3 Na5 16. Nh5 Nxb3 17. axb3 Bd5 18. c4 Be4 19. Ng5 Bb7 20. f4 Nh4 21. Nf3
Nxf3+ 22. gxf3 Qc6 23. Rf1 Rf7 24. Bd2 d5 25. Bc3 Kh8 26. Rad1 Rd8 27. Kh1 Bf8
28. cxd5 Rxd5 29. Rxd5 Qxd5 30. Qc4 Qd7 31. Qe2 Qe8 32. Rd1 Bd5 33. b4 Rd7 34.
Ng3 Qd8 35. Rf1 Qc8 36. Qe3 Bc4 37. Rf2 Rd3 38. Qe1 Qc6 39. Kg2 Be7 40. Ne2 Bh4
41. Ng3 h6 42. Kh3 g5 43. fxg5 hxg5 44. f4 Bxg3 45. hxg3 Qb7 46. Rd2 Bd5 0-1

[Event "Superettan(Vasteras-Kamraterna)"]
[Site "?"]
[Date "2017.03.24"]
[Round "7"]
[White "Mohammadi, Amir"]
[Black "Norberg, Erik"]
[Result "1-0"]
[WhiteElo "2297"]
[BlackElo "2238"]
[PlyCount "39"]
1. e4 g6 2. Nc3 c6 3. d4 d5 4. Be3 dxe4 5. Nxe4 Bg7 6. Qd2 Nd7 7. O-O-O Ngf6 8.
f3 O-O 9. Bh6 Qb6 10. h4 Rd8 11. Bxg7 Kxg7 12. h5 Nxe4 13. fxe4 Nf8 14. hxg6
fxg6 15. Qh6+ Kh8 16. Bc4 Bg4 17. Qg5 h5 18. Qxg4 Rxd4 19. Rxd4 Qxd4 20. Qe2
1-0

[Event "Superettan(Schack 08-Rockaden,Sthlm II)"]
[Site "?"]
[Date "2017.03.24"]
[Round "7"]
[White "Sorensen, Hampus"]
[Black "Drugge, Patrick"]
[Result "0-1"]
[WhiteElo "2128"]
[BlackElo "2189"]
[PlyCount "46"]
1. d4 d5 2. c4 e6 3. Nc3 c5 4. Nf3 cxd4 5. Nxd4 e5 6. Nf3 d4 7. Nxe5 dxc3 8.
Qxd8+ Kxd8 9. Nxf7+ Ke8 10. Nxh8 cxb2 11. Bxb2 Bb4+ 12. Kd1 Nf6 13. e3 Bf5 14.
f3 Nc6 15. e4 Rd8+ 16. Kc2 Rd2+ 17. Kb3 Nd7 18. a3 Nc5+ 19. Ka2 Bc3 20. Rb1 Be6
21. h4 Na4 22. Kb3 Na5+ 23. Kxa4 Bd7# 0-1

[Event "Superettan(Vaxjo-Horndal)"]
[Site "?"]
[Date "2017.03.24"]
[Round "7"]
[White "Sevastianov, Andrii"]
[Black "Tiger-Norqvist, Axel"]
[Result "1/2-1/2"]
[WhiteElo "2172"]
[BlackElo "2158"]
[PlyCount "99"]
1. c4 Nf6 2. g3 g6 3. Bg2 Bg7 4. Nc3 O-O 5. e4 d6 6. Nge2 c5 7. O-O Nc6 8. d3
Ne8 9. Be3 Nc7 10. d4 cxd4 11. Nxd4 Rb8 12. Qd2 Ne5 13. b3 Ng4 14. Rfd1 Nxe3
15. Qxe3 Bd7 16. Rac1 a6 17. Nf3 Bc6 18. c5 Ne6 19. cxd6 exd6 20. Rc2 Re8 21.
Rcd2 Qa5 22. Nd5 Bxd5 23. Rxd5 Qxa2 24. Rxd6 Qa3 25. Bf1 Qb4 26. Bc4 Re7 27.
Bxe6 fxe6 28. Qd3 Rf8 29. Rd8 Ref7 30. Rxf8+ Rxf8 31. Kg2 Qb6 32. h4 h6 33. Qc4
Kh7 34. Rd7 e5 35. Qd5 Qf6 36. Qd3 Rf7 37. Rxf7 Qxf7 38. Qd5 Qc7 39. h5 gxh5
40. Nh4 Qc6 41. Qxc6 bxc6 42. Kf3 Bf8 43. Ke2 Bd6 44. Kd3 Bc7 45. f3 Bb6 46.
Ke2 Bd8 47. Kd3 Bb6 48. Ke2 Bd8 49. Kd3 Bb6 50. Ke2 1/2-1/2

[Event "Superettan(Vasteras-Kamraterna)"]
[Site "?"]
[Date "2017.03.24"]
[Round "7"]
[White "Kretz, Johan"]
[Black "Aroven, Mikael"]
[Result "1-0"]
[WhiteElo "2207"]
[BlackElo "2172"]
[PlyCount "117"]
1. d4 d6 2. Nf3 g6 3. c4 Bg7 4. e4 Bg4 5. Be2 Nc6 6. Be3 Bxf3 7. Bxf3 e5 8. d5
Nd4 9. Nc3 Ne7 10. Nb5 Nxf3+ 11. gxf3 a6 12. Na3 Qd7 13. c5 dxc5 14. Bxc5 O-O
15. Qb3 b6 16. Bb4 Rfd8 17. Nc4 Nc8 18. h4 h5 19. O-O-O Na7 20. Bc3 Re8 21. Kb1
Nb5 22. Rd3 Nd4 23. Bxd4 exd4 24. Na3 c6 25. dxc6 Qxc6 26. Nc2 a5 27. Nxd4 Qf6
28. Nb5 Red8 29. Rd5 Rac8 30. Rhd1 Rxd5 31. exd5 a4 32. Qb4 Rc4 33. Qd2 Rc5 34.
Nc3 Qf5+ 35. Qd3 Qd7 36. d6 a3 37. Ne4 Rb5 38. b3 Re5 39. Qc4 Re8 40. Qc7 Rd8
41. Qxb6 Rc8 42. Qa6 f5 43. Ng5 Bf8 44. Qd3 Rc5 45. Qd4 Rc6 46. Qd5+ Kh8 47.
Qf7 Qxf7 48. Nxf7+ Kg7 49. d7 Be7 50. d8=Q Bxd8 51. Nxd8 Rc3 52. Ne6+ Kf6 53.
Ng5 Ke5 54. Rd8 Rc6 55. Ra8 Kd4 56. Rxa3 Kd3 57. b4+ Ke2 58. b5 Rc4 59. b6 1-0

[Event "Superettan(Schack 08-Rockaden,Sthlm II)"]
[Site "?"]
[Date "2017.03.24"]
[Round "7"]
[White "Schutz, Ingemar"]
[Black "Berglind, Axel"]
[Result "1-0"]
[WhiteElo "2194"]
[BlackElo "2093"]
[PlyCount "49"]
1. e4 c5 2. Nf3 d6 3. d4 cxd4 4. Nxd4 Nf6 5. Nc3 a6 6. Bc4 e6 7. Bb3 Nbd7 8. f4
Nc5 9. f5 Nxb3 10. axb3 Be7 11. Qf3 O-O 12. Be3 Nd7 13. O-O-O Ne5 14. Qh5 Qa5
15. Rhf1 Bd7 16. Kb1 Rac8 17. Bg5 g6 18. Qh4 Bxg5 19. Qxg5 Nc6 20. Qh6 exf5 21.
exf5 gxf5 22. Qg5+ Kh8 23. Qf6+ Kg8 24. Nxf5 Bxf5 25. Rxf5 1-0

[Event "Superettan(Vaxjo-Horndal)"]
[Site "?"]
[Date "2017.03.24"]
[Round "7"]
[White "Bengts, Torleif"]
[Black "Lindahl, Emil"]
[Result "1/2-1/2"]
[WhiteElo "2082"]
[BlackElo "2180"]
[PlyCount "49"]
1. e4 c5 2. c3 d5 3. exd5 Qxd5 4. d4 Nf6 5. Nf3 Bg4 6. Be2 e6 7. h3 Bh5 8. O-O
Be7 9. Be3 cxd4 10. Nxd4 Bxe2 11. Qxe2 Nc6 12. Rd1 O-O 13. c4 Nxd4 14. Bxd4 Qc6
15. Nc3 Rfd8 16. b3 Rd7 17. Rd3 Rad8 18. Rad1 a6 19. Qe3 b5 20. cxb5 axb5 21.
Be5 b4 22. Bxf6 Rxd3 23. Rxd3 Rxd3 24. Qxd3 Bxf6 25. Ne4 1/2-1/2

[Event "Superettan(Vasteras-Kamraterna)"]
[Site "?"]
[Date "2017.03.24"]
[Round "7"]
[White "Borvander, Tom"]
[Black "Landgren, Andreas"]
[Result "0-1"]
[WhiteElo "2153"]
[BlackElo "2215"]
[PlyCount "94"]
1. d4 d5 2. c4 e6 3. Nc3 c6 4. e4 dxe4 5. Nxe4 Bb4+ 6. Bd2 Qxd4 7. Bxb4 Qxe4+
8. Be2 Na6 9. Ba5 b6 10. Qd6 Bd7 11. Bc3 f6 12. O-O-O O-O-O 13. b3 Qxg2 14. Bf3
Qg5+ 15. Kb2 Qc5 16. Qg3 Qe7 17. Ne2 e5 18. Qg2 Kc7 19. Rhe1 Nh6 20. Nd4 Nb8
21. Nc2 Nf5 22. Be4 Nh4 23. Qg3 g5 24. Ne3 Ng6 25. a3 Nf4 26. Qf3 h5 27. a4 Bg4
28. Nxg4 hxg4 29. Qxg4 Rxh2 30. Qg1 Rh3 31. Qf1 Rhh8 32. a5 Rxd1 33. Rxd1 Rd8
34. axb6+ axb6 35. Ra1 Kb7 36. b4 Qd6 37. Kc2 Ne6 38. b5 Nd4+ 39. Kb2 f5 40.
bxc6+ Nbxc6 41. Bd5 Qc5 42. Qh1 Kb8 43. Ra6 g4 44. Qh7 Rxd5 45. cxd5 Qb5+ 46.
Kc1 Qf1+ 47. Kb2 Qe2+ 0-1

[Event "Superettan(Schack 08-Rockaden,Sthlm II)"]
[Site "?"]
[Date "2017.03.24"]
[Round "7"]
[White "Nikolic, Vladan"]
[Black "Ottenklev, Niclas"]
[Result "0-1"]
[WhiteElo "2087"]
[BlackElo "2168"]
[PlyCount "180"]
1. d4 d5 2. c4 e6 3. Nf3 c6 4. e3 f5 5. Bd3 Nf6 6. O-O Bd6 7. b3 Qe7 8. Bb2 O-O
9. Qc1 Nbd7 10. Ba3 Ne4 11. Bxd6 Qxd6 12. Qa3 c5 13. Rd1 b6 14. cxd5 exd5 15.
Nbd2 Bb7 16. Rac1 a6 17. dxc5 Ndxc5 18. Be2 Qf6 19. b4 Ne6 20. Nb3 f4 21. Nbd4
fxe3 22. fxe3 Rac8 23. Nxe6 Qxe6 24. Bxa6 Rxc1 25. Rxc1 Ra8 26. b5 Nc5 27. Qc3
Bxa6 28. bxa6 Rxa6 29. Rf1 h6 30. Nd4 Qg6 31. Nf5 Kh7 32. Qe5 Rxa2 33. Qxd5 Ra7
34. Qd8 Rd7 35. Qf8 Rf7 36. Qc8 Ne6 37. Ng3 Rxf1+ 38. Nxf1 Ng5 39. Qc4 Ne4 40.
Ng3 Nxg3 41. hxg3 Qxg3 42. Qe6 Qg6 43. Qd5 Qc2 44. Kh2 Qc7+ 45. g3 Qc5 46. Qe4+
g6 47. Qb7+ Kg8 48. Qb8+ Kf7 49. Qb7+ Kf6 50. Qf3+ Qf5 51. Qc6+ Qe6 52. Qf3+
Ke5 53. Qf4+ Kd5 54. Qd4+ Kc6 55. Qc3+ Kb5 56. Qb2+ Ka4 57. Qa1+ Kb3 58. Qb1+
Kc3 59. Qc1+ Kb4 60. Qd2+ Ka4 61. Qd4+ Ka5 62. Qc3+ Kb5 63. Qb2+ Ka6 64. Qa1+
Kb7 65. Qg7+ Kc6 66. Qc3+ Kd7 67. Qg7+ Qe7 68. Qd4+ Qd6 69. Qa4+ Kc7 70. Qa7+
Kc6 71. Qa4+ b5 72. Qa6+ Kc5 73. Qa7+ Kb4 74. e4 h5 75. Kg2 Qd2+ 76. Kf3 Qd3+
77. Kf4 Kb3 78. Qf7+ Kb2 79. Qf6+ Kc2 80. Qc6+ Kd2 81. Qxg6 b4 82. Qxh5 b3 83.
Qa5+ Ke2 84. Qa3 Qf3+ 85. Ke5 Qxg3+ 86. Kd5 Qd3+ 87. Kc5 Qc2+ 88. Kd4 Qd2+ 89.
Kc4 b2 90. Qg3 b1=Q 0-1

[Event "Superettan(Vaxjo-Horndal)"]
[Site "?"]
[Date "2017.03.24"]
[Round "7"]
[White "Moren, Bjorn"]
[Black "Eriksson, Magnus"]
[Result "0-1"]
[WhiteElo "2083"]
[BlackElo "2037"]
[PlyCount "80"]
1. e4 e6 2. d4 d5 3. Nc3 Bb4 4. Nge2 Nc6 5. a3 Ba5 6. b4 Bb6 7. Be3 Nge7 8. g3
dxe4 9. Nxe4 Nf5 10. c3 e5 11. d5 Nxe3 12. fxe3 Ne7 13. c4 Bxe3 14. Qd3 Nf5 15.
Ra2 Bh6 16. N2c3 O-O 17. Bh3 Ne3 18. Bxc8 Qxc8 19. Re2 f5 20. Nc5 f4 21. Ne6
Rf6 22. Qe4 c6 23. Qxe5 Nxc4 24. Qe4 f3 25. dxc6 bxc6 26. Qxc4 fxe2 27. Ng5+
Kh8 28. Nf7+ Rxf7 29. Qxf7 Qd8 30. Nxe2 Qd2+ 31. Kf2 Qe3+ 32. Ke1 Re8 33. Qc4
Qd2+ 34. Kf2 Be3+ 35. Kg2 Bb6 36. Kf3 Qe3+ 37. Kg4 Re4+ 38. Qxe4 Qxe4+ 39. Nf4
Qxh1 40. h4 Qd1+ 0-1

[Event "Superettan(Vasteras-Kamraterna)"]
[Site "?"]
[Date "2017.03.24"]
[Round "7"]
[White "Orndahl, Markus"]
[Black "Hamark, Jesper"]
[Result "0-1"]
[WhiteElo "2155"]
[BlackElo "2291"]
[PlyCount "86"]
1. e4 d5 2. Nc3 d4 3. Nce2 e5 4. Ng3 Be6 5. Bb5+ c6 6. Ba4 Na6 7. Bb3 Bxb3 8.
axb3 d3 9. c3 g6 10. Nf3 Qd6 11. b4 Nc7 12. O-O Nf6 13. Nh4 Bh6 14. Ra5 b5 15.
Qf3 Nd7 16. Nhf5 gxf5 17. Nxf5 Qf6 18. Qxd3 O-O-O 19. Qd6 Bf8 20. Qd3 Nb6 21.
Qh3 Kb7 22. d3 Rg8 23. f4 Qg6 24. Rf3 exf4 25. Bxf4 Ne6 26. Bc1 Qg4 27. Qxg4
Rxg4 28. Nh6 Bxh6 29. Rxf7+ Rd7 30. Rxd7+ Nxd7 31. Bxh6 Ne5 32. h3 Rg6 33. Be3
a6 34. Ra1 Nxd3 35. Rf1 Rg7 36. b3 c5 37. Rd1 Rd7 38. bxc5 Nexc5 39. Bd4 Nf4
40. b4 Ne2+ 41. Kf2 Nxc3 42. Bxc3 Rxd1 43. bxc5 Kc6 0-1

[Event "Superettan(Schack 08-Rockaden,Sthlm II)"]
[Site "?"]
[Date "2017.03.24"]
[Round "7"]
[White "Wikstrom, Per"]
[Black "Bit-Narva, David"]
[Result "1-0"]
[WhiteElo "2194"]
[BlackElo "2001"]
[PlyCount "72"]
1. d4 g6 2. Nf3 Bg7 3. Bf4 d6 4. h3 Nd7 5. e3 e5 6. Bh2 Qe7 7. Be2 e4 8. Nfd2
f5 9. a4 Ngf6 10. Na3 O-O 11. c3 g5 12. Qb3+ Kh8 13. h4 gxh4 14. Bf4 Nb6 15.
Bg5 Qe8 16. Nb5 Qg6 17. Bxh4 Ne8 18. Bg3 Bh6 19. Bh5 Qg7 20. Bxe8 f4 21. exf4
Rxe8 22. Nxc7 Qxc7 23. Rxh6 e3 24. Nf3 exf2+ 25. Kxf2 Bf5 26. Qb5 Bc2 27. Bh4
d5 28. Bf6+ Kg8 29. Ne5 a6 30. Qe2 Bf5 31. Qh5 Be4 32. Qg4+ Kf8 33. a5 Nc4 34.
Nd7+ Kf7 35. Qg7+ Ke6 36. Be5+ Bg6 1-0

[Event "Superettan(Upsala-Burgsvik)"]
[Site "?"]
[Date "2017.03.24"]
[Round "7"]
[White "Andersson, Tommy"]
[Black "Burwick, Malte"]
[Result "1-0"]
[WhiteElo "2404"]
[BlackElo "2251"]
[PlyCount "55"]
1. d4 g6 2. c4 Bg7 3. Nc3 d6 4. e4 Nf6 5. f3 O-O 6. Be3 a6 7. Qd2 Nc6 8. Nge2
Rb8 9. Rc1 e5 10. d5 Ne7 11. g4 c6 12. Ng3 b5 13. dxc6 bxc4 14. Bxc4 Nxc6 15.
O-O Nd4 16. Nge2 h5 17. g5 Nd7 18. Nd5 a5 19. Kh1 Bb7 20. Nxd4 exd4 21. Bxd4
Bxd4 22. Qxd4 Qxg5 23. Rg1 Qe5 24. Qd2 Kh7 25. Rg5 f5 26. b3 Nf6 27. exf5 Bxd5
28. Bxd5 1-0

[Event "Superettan(Stockholm-Orgryte)"]
[Site "?"]
[Date "2017.03.24"]
[Round "7"]
[White "Kumar, Rahul"]
[Black "Lissang, Christopher"]
[Result "0-1"]
[WhiteElo "2214"]
[BlackElo "2338"]
[PlyCount "88"]
1. d4 Nf6 2. Nf3 e6 3. Bg5 c5 4. e3 b6 5. Nbd2 Bb7 6. Bd3 Be7 7. O-O O-O 8. c3
cxd4 9. exd4 Nc6 10. Re1 h6 11. Bh4 Nh5 12. Bg3 f5 13. Ne5 Nxe5 14. Bxe5 Qe8
15. Nc4 Qg6 16. Bf1 f4 17. f3 Bh4 18. Bd3 Qg5 19. Nd6 Bxe1 20. Nxb7 Bh4 21. Nd6
Nf6 22. Bc2 g6 23. Qd3 Kh7 24. Kh1 Nh5 25. Ne4 Qf5 26. Qd2 Qf7 27. Nd6 Qe7 28.
Qd3 Rg8 29. Kg1 Raf8 30. Kf1 Nf6 31. Bxf4 Nd5 32. Be5 Qg5 33. g3 Ne3+ 34. Ke2
Rxf3 35. Kxf3 Rf8+ 36. Bf4 Nd5 37. Qe4 h5 38. Rf1 Rxf4+ 39. Qxf4 Nxf4 40. gxf4
Qg4+ 41. Ke3 Qh3+ 42. Rf3 Qxh2 43. Bd3 Qxb2 44. Ne4 Qc1+ 0-1

[Event "Superettan(Upsala-Burgsvik)"]
[Site "?"]
[Date "2017.03.24"]
[Round "7"]
[White "Johansson, Jan"]
[Black "Fries-Nielsen, Jens Ove"]
[Result "0-1"]
[WhiteElo "2355"]
[BlackElo "2337"]
[PlyCount "62"]
[EventDate "2017.??.??"]
1. d4 Nf6 2. Nf3 d5 3. c4 e6 4. Nc3 Bb4 5. Bg5 h6 6. Bh4 dxc4 7. e3 b5 8. a4 c6
9. Be2 a6 10. Ne5 Bb7 11. O-O Be7 12. f4 Nbd7 13. Bf3 Nd5 14. Bf2 N7f6 15. Ne2
Qc7 16. Qc1 c5 17. g4 Nd7 18. Bg3 cxd4 19. Nxd4 Nxe5 20. fxe5 Qb6 21. axb5 axb5
22. Rxa8+ Bxa8 23. Bf2 Bc5 24. Rd1 O-O 25. Qd2 Bb7 26. h4 Nb4 27. g5 Nd3 28.
Bxb7 Qxb7 29. gxh6 gxh6 30. Qe2 Qe4 31. Nf3 Nf4 0-1

[Event "Superettan(Stockholm-Orgryte)"]
[Site "?"]
[Date "2017.03.24"]
[Round "7"]
[White "Ertan, Can"]
[Black "Tukhaev, Adam"]
[Result "0-1"]
[WhiteElo "2385"]
[BlackElo "2516"]
[PlyCount "114"]
1. e4 c5 2. Nf3 e6 3. d4 cxd4 4. Nxd4 Nc6 5. Nc3 d6 6. g4 Bd7 7. Be3 Nge7 8. h4
a6 9. Nxc6 Nxc6 10. f4 Be7 11. g5 h6 12. Qf3 h5 13. O-O-O g6 14. Bh3 b5 15. e5
dxe5 16. Rh2 b4 17. Na4 Nd4 18. Bxd4 exd4 19. Rxd4 O-O 20. Rhd2 Bxa4 21. Rxd8
Raxd8 22. Rxd8 Rxd8 23. Bf1 Rd4 24. Bxa6 Bd6 25. Bd3 Kg7 26. Be4 Kf8 27. Kb1
Bb5 28. c3 bxc3 29. bxc3 Rd2 30. Bc2 Bc4 31. Qe3 Bxa2+ 32. Kb2 Rh2 33. Qd4 Ke7
34. Qa7+ Kf8 35. Qxa2 Bxf4 36. Qa8+ Kg7 37. Qd8 Be5 38. Kb3 Rxh4 39. Bd3 Rg4
40. Be2 Rg3 41. Bd3 h4 42. Qa8 Rxd3 43. Qe4 Rxc3+ 44. Kb4 f6 45. Qxh4 fxg5 46.
Qe1 Kf6 47. Qf1+ Ke7 48. Qb5 Re3 49. Kc4 Kf6 50. Qb6 Rc3+ 51. Kb4 g4 52. Qg1 g3
53. Qf1+ Kg5 54. Qh3 Re3 55. Kc4 Bf4 56. Kd4 Re2 57. Kd3 g2 0-1

[Event "Superettan(Upsala-Burgsvik)"]
[Site "?"]
[Date "2017.03.24"]
[Round "7"]
[White "Persson, Mats"]
[Black "Johansson, Thomas"]
[Result "1/2-1/2"]
[WhiteElo "2289"]
[BlackElo "2236"]
[PlyCount "82"]
1. d4 d5 2. Nf3 Nf6 3. g3 c6 4. Bg2 Bg4 5. O-O Nbd7 6. b3 e6 7. Bb2 Bxf3 8.
exf3 Bd6 9. Nd2 O-O 10. f4 a5 11. c4 Re8 12. a3 Bf8 13. c5 g6 14. Qc2 Qc7 15.
b4 Ra7 16. Bc3 axb4 17. axb4 Rea8 18. Qb2 b6 19. Rfb1 Be7 20. Bf1 b5 21. Bd3
Bd8 22. h3 Qb7 23. Kg2 Rxa1 24. Rxa1 Ra6 25. Bc2 Qa8 26. Kf3 Bc7 27. Rxa6 Qxa6
28. Qa1 Qxa1 29. Bxa1 Ne8 30. Ke3 f5 31. Nf1 Nef6 32. f3 Nh5 33. Kf2 Kf7 34.
Bc3 h6 35. Bd2 Kf6 36. h4 Kf7 37. Bd1 Nb8 38. Kg2 Nd7 39. Kf2 Kg7 40. Kg2 Kf7
41. Kf2 Kg7 1/2-1/2

[Event "Superettan(Stockholm-Orgryte)"]
[Site "?"]
[Date "2017.03.24"]
[Round "7"]
[White "Arnelind, Mikael"]
[Black "Couso, Luis"]
[Result "1-0"]
[WhiteElo "2177"]
[BlackElo "2299"]
[PlyCount "89"]
1. d4 d5 2. c4 c6 3. Nc3 Nf6 4. cxd5 cxd5 5. Bf4 Nc6 6. e3 a6 7. Bd3 Bg4 8.
Nge2 e6 9. O-O Be7 10. Rc1 O-O 11. Na4 Nd7 12. a3 f5 13. f3 Bh5 14. b4 g5 15.
Bg3 Bg6 16. Bb1 Rf7 17. Ba2 Qf8 18. Qd2 Bd6 19. Nc5 Nxc5 20. dxc5 Bxg3 21. hxg3
Rf6 22. e4 dxe4 23. fxe4 f4 24. gxf4 Rd8 25. Qe3 Kh8 26. fxg5 Rxf1+ 27. Rxf1
Qe7 28. Rf6 Qc7 29. Bxe6 Qe5 30. Qc3 Bxe4 31. Qxe5 Nxe5 32. Rf4 Bc6 33. Nd4 Ba4
34. Nf5 Ng6 35. Rd4 Rf8 36. Kh2 Bc6 37. Kg3 Ne5 38. Kf4 Ng6+ 39. Kg3 Ne5 40.
Rd2 Re8 41. Bb3 Ng6 42. Bf7 Rf8 43. Nd6 Kg7 44. Be6 Nf4 45. Nf5+ 1-0

[Event "Superettan(Upsala-Burgsvik)"]
[Site "?"]
[Date "2017.03.24"]
[Round "7"]
[White "Thorgeirsson, Sverrir"]
[Black "Fries-Nielsen, Niels Jorgen"]
[Result "0-1"]
[WhiteElo "2283"]
[BlackElo "2302"]
[PlyCount "114"]
[EventDate "2017.??.??"]
1. d4 b5 2. e4 a6 3. Bg5 Bb7 4. Nd2 h6 5. Bh4 g5 6. Bg3 Bg7 7. c3 d6 8. h4 gxh4
9. Bxh4 Nd7 10. Ngf3 c5 11. a4 Qb6 12. axb5 axb5 13. Rxa8+ Bxa8 14. Qb3 c4 15.
Qb4 e6 16. Qa3 Bb7 17. Be2 Bf8 18. b4 Ngf6 19. e5 Nh5 20. exd6 Bxd6 21. g3 Ng7
22. Qc1 Nf5 23. Bf1 Bd5 24. Bg2 Qb7 25. Kf1 Rg8 26. Ne1 Bxg3 27. Bxd5 Qxd5 28.
Rg1 Nxh4 29. fxg3 Nf5 30. Kf2 Nf6 31. Nef3 Ng4+ 32. Ke2 e5 33. dxe5 Qd3+ 34.
Ke1 Nge3 35. Kf2 Ng4+ 36. Ke1 Nfe3 37. Nd4 Nxe5 38. Qa3 Qxd4 39. cxd4 Nc2+ 40.
Kd1 Nxa3 41. dxe5 Rg4 42. Re1 Rxg3 43. e6 Rd3 44. Kc1 c3 45. Ne4 fxe6 46. Nc5
Rd6 47. Nxe6 Kf7 48. Nc5 Rd4 49. Nd3 Kf6 50. Rg1 h5 51. Rg3 h4 52. Rg1 Kf5 53.
Rf1+ Ke4 54. Nc5+ Kd5 55. Rf5+ Kc4 56. Na6 Rg4 57. Rf1 h3 0-1

[Event "Superettan(Stockholm-Orgryte)"]
[Site "?"]
[Date "2017.03.24"]
[Round "7"]
[White "Lokander, Martin"]
[Black "Ziegler, Ari"]
[Result "0-1"]
[WhiteElo "2311"]
[BlackElo "2299"]
[PlyCount "80"]
1. d4 Nf6 2. c4 g6 3. Nc3 Bg7 4. e4 d6 5. Nf3 O-O 6. Be2 e5 7. d5 a5 8. Bg5 h6
9. Be3 Ng4 10. Bd2 f5 11. h3 Nf6 12. exf5 gxf5 13. Qc1 f4 14. g3 e4 15. Nh4 e3
16. fxe3 fxg3 17. Ng6 Re8 18. Nf4 Na6 19. Qc2 Nc5 20. Qg6 Re5 21. h4 Qe8 22.
Qxg3 Nce4 23. Nxe4 Nxe4 24. Qf3 Nxd2 25. Kxd2 Bf5 26. Rhg1 Qa4 27. e4 Qb4+ 28.
Kc1 Rxe4 29. Nd3 Rxc4+ 30. Kd1 Bxd3 31. Bxd3 Qxb2 32. Rb1 Qd4 33. Qg3 Rc3 34.
Kd2 Ra3 35. Qg6 Rxa2+ 36. Kd1 Qa4+ 37. Bc2 Qd4+ 38. Bd3 Rf2 39. Rc1 Rf3 40.
Qh7+ Kf8 0-1

[Event "Superettan(Orgryte-Vaxjo)"]
[Site "?"]
[Date "2017.03.05"]
[Round "5"]
[White "Rydstrom, Tom"]
[Black "Lauritzson, Peter"]
[Result "1-0"]
[WhiteElo "2243"]
[BlackElo "2133"]
[PlyCount "71"]
1. e4 c5 2. Nf3 Nc6 3. d4 cxd4 4. Nxd4 e5 5. Nb5 d6 6. N1c3 a6 7. Na3 b5 8. Nd5
Nge7 9. c4 Nd4 10. cxb5 Nxd5 11. exd5 Bd7 12. Be3 axb5 13. Bd3 Be7 14. O-O Rb8
15. f4 O-O 16. Kh1 f5 17. Bxd4 exd4 18. Nc2 Bf6 19. Nb4 Qb6 20. Rc1 Rfe8 21.
Nc6 Ra8 22. a3 Re3 23. Qb3 Rae8 24. a4 Rxd3 25. Qxd3 bxa4 26. Qa3 d3 27. Qxd6
Bxc6 28. dxc6 Bxb2 29. Rb1 a3 30. Rfe1 Qd8 31. Rxe8+ Qxe8 32. c7 a2 33. Qd5+
Kf8 34. Qxa2 d2 35. c8=Q Qxc8 36. Qxb2 1-0

[Event "Superettan(Orgryte-Vaxjo)"]
[Site "?"]
[Date "2017.03.05"]
[Round "5"]
[White "Eksmyr, Johan"]
[Black "Olofsson-Dolk, Mattis"]
[Result "1-0"]
[WhiteElo "2166"]
[BlackElo "2210"]
[PlyCount "153"]
1. d4 Nf6 2. Nf3 g6 3. Bf4 Bg7 4. e3 d6 5. h3 b6 6. a4 O-O 7. Be2 Bb7 8. a5
bxa5 9. Nbd2 Nbd7 10. Nb3 Qc8 11. Nxa5 c5 12. Nxb7 Qxb7 13. Ra2 cxd4 14. exd4
Nd5 15. Bh2 Nb4 16. Ra4 a5 17. O-O Nb6 18. Ra3 Rfc8 19. c3 N4d5 20. Nd2 Bh6 21.
Ra2 a4 22. Bf3 a3 23. Rxa3 Rxa3 24. bxa3 Rxc3 25. Nb1 Rc7 26. Qb3 Qc6 27. a4
Qa8 28. Na3 Rc1 29. Rxc1 Bxc1 30. Nc4 Qa6 31. Nxb6 Nxb6 32. Bc6 Bg5 33. Be8 d5
34. Qb5 Qxb5 35. Bxb5 Bd2 36. Bc7 Ba5 37. Kf1 e6 38. Ke2 Kf8 39. Bd6+ Kg8 40.
Kd3 f6 41. Bc7 Kf7 42. f3 Ke7 43. Kc2 g5 44. Kb3 h6 45. g4 Kf7 46. Bd6 Nc8 47.
Bb4 Bb6 48. Kc3 e5 49. dxe5 fxe5 50. a5 Bd4+ 51. Kd3 Na7 52. Bd7 Bg1 53. Ba3
Bf2 54. Bd6 Bd4 55. Bb4 Bg1 56. a6 Bf2 57. Ba4 Nc8 58. Bc6 Ne7 59. Bd7 Ba7 60.
Bd6 Kf6 61. Bc7 Ng6 62. Bd8+ Kf7 63. Kc3 e4 64. fxe4 dxe4 65. Bf5 Nf4 66. Bxe4
Nxh3 67. Kc4 Nf2 68. Bf3 Kg7 69. Ba5 Kg6 70. Bc3 Nh3 71. Be4+ Kf7 72. Bd4 Bb8
73. Kd5 Nf4+ 74. Kc6 Ne6 75. Bd5 Ke7 76. Bxe6 Kxe6 77. Kb7 1-0

[Event "Superettan(Orgryte-Vaxjo)"]
[Site "?"]
[Date "2017.03.05"]
[Round "5"]
[White "Neretljak, Nedzad"]
[Black "Fransson, Percy"]
[Result "1-0"]
[WhiteElo "2037"]
[BlackElo "2118"]
[PlyCount "59"]
[EventDate "2017.??.??"]
1. e4 e6 2. d4 d5 3. e5 c5 4. c3 Nc6 5. Nf3 Qb6 6. Bd3 Nh6 7. O-O cxd4 8. a3
Be7 9. b4 a6 10. Ra2 Bd7 11. Re1 Rc8 12. cxd4 Nf5 13. Be3 Nxe3 14. fxe3 Na7 15.
Rf2 h6 16. Ref1 Bb5 17. Ne1 f5 18. exf6 gxf6 19. a4 Bc4 20. Bxc4 dxc4 21. Nc2
Kd7 22. Nc3 Rcf8 23. d5 e5 24. a5 Qc7 25. Ne4 Nb5 26. Qg4+ Kd8 27. Nxf6 Nd6 28.
Qe6 Rf7 29. Qxe5 Rhf8 30. Nd4 1-0

[Event "Superettan(Orgryte-Vaxjo)"]
[Site "?"]
[Date "2017.03.05"]
[Round "5"]
[White "Fransson, Patrick"]
[Black "Moren, Bjorn"]
[Result "0-1"]
[WhiteElo "2133"]
[BlackElo "2083"]
[PlyCount "78"]
1. d4 d5 2. Bg5 Nd7 3. e3 Ngf6 4. f4 e6 5. Nd2 Be7 6. Bd3 b6 7. Nh3 Bb7 8. Nf2
h6 9. Bxf6 Nxf6 10. O-O Qd6 11. c3 c5 12. Nf3 O-O 13. Ne5 Ne4 14. Qh5 f5 15. g4
Bc6 16. Kh1 Be8 17. Qh3 cxd4 18. exd4 Bf6 19. Qe3 Qe7 20. Rg1 Bxe5 21. fxe5
Nxf2+ 22. Qxf2 fxg4 23. Qe2 Bh5 24. Rg3 Qh4 25. Rag1 Rf4 26. c4 Raf8 27. R1g2
dxc4 28. Bxc4 Kh8 29. Qe3 Rf3 30. Qe1 Qd8 31. Qe4 R3f4 32. Qe3 Rxd4 33. Bxe6
Rd1+ 34. Rg1 Qa8+ 35. R3g2 Rff1 36. Bd7 Rxg1+ 37. Qxg1 Rxg1+ 38. Kxg1 Qe4 39.
Rf2 Qxe5 0-1

[Event "Superettan(Kamraterna-Schack 08)"]
[Site "?"]
[Date "2017.03.05"]
[Round "5"]
[White "Renman, Nils-Gustaf"]
[Black "Svenn, Gosta"]
[Result "1-0"]
[WhiteElo "2354"]
[BlackElo "2334"]
[PlyCount "79"]
1. d4 d5 2. Nf3 Nf6 3. c4 e6 4. Nc3 Bb4 5. cxd5 exd5 6. Bg5 h6 7. Bxf6 Qxf6 8.
Qa4+ Nc6 9. a3 Bxc3+ 10. bxc3 O-O 11. e3 Rd8 12. Be2 Bg4 13. h3 Bh5 14. O-O Rd6
15. c4 dxc4 16. Qxc4 Rad8 17. Qb5 g5 18. Qxb7 Rb8 19. Qxc7 Rb2 20. Bd1 Bg6 21.
Rc1 Bd3 22. Re1 Qe6 23. Ba4 Be4 24. Bxc6 Bxc6 25. Ne5 Qf6 26. Nd3 Ra2 27. Ra1
Rc2 28. Rec1 Rd2 29. Rd1 Rc2 30. Rac1 Ra2 31. Qa5 Be4 32. Rd2 Ra6 33. Qb4 Rxd2
34. Qxd2 Rxa3 35. Nc5 Bc6 36. e4 Bb5 37. Qb2 Ra5 38. Nb7 Ra6 39. Qxb5 Rb6 40.
Qd5 1-0

[Event "Superettan(Kamraterna-Schack 08)"]
[Site "?"]
[Date "2017.03.05"]
[Round "5"]
[White "Andreasson, Ingvar"]
[Black "Laveryd, Peter"]
[Result "1-0"]
[WhiteElo "2363"]
[BlackElo "2381"]
[PlyCount "109"]
1. c4 g6 2. g3 Bg7 3. Bg2 Nf6 4. Nc3 O-O 5. e4 c5 6. Nge2 e5 7. d3 h6 8. a3 Nc6
9. b4 b6 10. O-O d6 11. Rb1 Nd4 12. Nxd4 cxd4 13. Ne2 a5 14. Nxd4 exd4 15. e5
Bg4 16. f3 Bf5 17. exf6 Qxf6 18. g4 Bd7 19. bxa5 bxa5 20. Rb7 Bc6 21. Rb6 Rfc8
22. Rxc6 Rxc6 23. f4 Rac8 24. Bxc6 Rxc6 25. Qf3 Rc8 26. Bd2 Qd8 27. f5 g5 28.
f6 Bf8 29. h4 d5 30. cxd5 gxh4 31. Re1 Rc5 32. Re5 Qb8 33. Qe4 Rc8 34. g5 Qb1+
35. Be1 Qc1 36. Qxh4 Qd1 37. gxh6 Kh8 38. h7 Qxd3 39. Qg4 Qg6 40. Rg5 Qxf6 41.
Bd2 Rb8 42. Rf5 Qg7 43. Qxg7+ Bxg7 44. d6 Kxh7 45. d7 Kg6 46. Rg5+ Kh7 47. Rd5
Bf6 48. Bxa5 Ra8 49. Kf2 Kg6 50. Ke2 Be7 51. a4 f6 52. Kd3 Kf7 53. Bb4 Ke6 54.
Rxd4 Rd8 55. Re4+ 1-0

[Event "Superettan(Kamraterna-Schack 08)"]
[Site "?"]
[Date "2017.03.05"]
[Round "5"]
[White "Ingbrant, Johan"]
[Black "Aberg, Anton"]
[Result "1/2-1/2"]
[WhiteElo "2362"]
[BlackElo "2382"]
[PlyCount "65"]
[SourceDate "2017.03.09"]
1. b3 e5 2. Bb2 Nc6 3. e3 Nf6 4. Bb5 Bd6 5. Ne2 a6 6. Bxc6 dxc6 7. d3 h5 8. Nd2
h4 9. h3 Qe7 10. e4 Bd7 11. Nc4 Nh5 12. Qd2 f6 13. O-O-O Bb4 14. Bc3 Bxc3 15.
Qxc3 c5 16. Ne3 Be6 17. g4 hxg3 18. fxg3 O-O-O 19. Rdf1 g5 20. Qe1 b6 21. Qf2
Qd7 22. h4 g4 23. Kb1 Kb7 24. Rhg1 a5 25. Nc3 Ra8 26. a4 c6 27. Nf5 Rhg8 28.
Qe3 Rg6 29. Rf2 Kc7 30. Rgf1 Qf7 31. Kc1 Rd8 32. Rd2 Rd7 33. Rff2 1/2-1/2